00420nam a2200145Ia 4500008004100000020001800041041001200059082002300071100003900094245004700133260002500180300001500205300001000220650004400230231221s9999 xx 000 0 und d a9790000000000 aEnglish a001.6424OFF CHA;1 aChatfield, Carl. Johnson, Timothy. 0aMicrosoft office project 2007 step by step c2007bPHIaNew Delhi axlviii+507 c55210 aMicrosoft,office,project,2007,step,step